| 000 | 02043nam a2200457 i 4500 | ||
|---|---|---|---|
| 001 | ebr10872456 | ||
| 003 | CaPaEBR | ||
| 006 | m o d | ||
| 007 | cr cn||||||||| | ||
| 008 | 140529t20142014enk ob 001 0 eng d | ||
| 020 | _z9781409436942 | ||
| 020 | _a9781409436959 (e-book) | ||
| 020 | _z9781472400499 (ePUB) | ||
| 040 |
_aCaPaEBR _beng _erda _epn _cCaPaEBR |
||
| 035 | _a(OCoLC)880531211 | ||
| 043 | _ae-uk--- | ||
| 050 | 1 | 4 |
_aBV193.G7 _b.S44 2014eb |
| 082 | 0 | 4 |
_a264/.059 _223 |
| 100 | 1 |
_aSegger, Glen J., _eauthor. |
|
| 245 | 1 | 0 |
_aRichard Baxter's reformed liturgy : _ba Puritan alternative to the book of common prayer / _cGlen J. Segger. |
| 264 | 1 |
_aSurrey, England ; _aBurlington, Vermont : _bAshgate, _c2014. |
|
| 264 | 4 | _c�2014 | |
| 300 | _a1 online resource (295 pages). | ||
| 336 |
_atext _2rdacontent |
||
| 337 |
_acomputer _2rdamedia |
||
| 338 |
_aonline resource _2rdacarrier |
||
| 490 | 1 | _aLiturgy, Worship and Society | |
| 504 | _aIncludes bibliographical references and index. | ||
| 588 | _aDescription based on print version record. | ||
| 590 | _aElectronic reproduction. Palo Alto, Calif. : ebrary, 2014. Available via World Wide Web. Access may be limited to ebrary affiliated libraries. | ||
| 600 | 1 | 0 |
_aBaxter, Richard, _d1615-1691. |
| 650 | 0 |
_aLiturgics _zGreat Britain _xHistory _y17th century. |
|
| 650 | 0 |
_aReformed Church _xLiturgy _xTexts _xHistory and criticism. |
|
| 650 | 0 |
_aReformed Church _xLiturgy _vTexts. |
|
| 651 | 0 |
_aGreat Britain _xChurch history _y17th century. |
|
| 655 | 0 | _aElectronic books. | |
| 776 | 0 | 8 |
_iPrint version: _aSegger, Glen J. _tRichard Baxter's reformed liturgy : a Puritan alternative to the book of common prayer. _dSurrey, England ; Burlington, Vermont : Ashgate, c2014 _hxii, 282 pages _kLiturgy, worship, and society. _z9781409436942 _w2013045820 |
| 797 | 2 | _aebrary. | |
| 830 | 0 | _aLiturgy, worship, and society. | |
| 856 | 4 | 0 |
_uhttp://site.ebrary.com/lib/rucke/Doc?id=10872456 _zAn electronic book accessible through the World Wide Web; click to view |
| 999 |
_c112456 _d112456 |
||